000 00441nam a2200181Ia 4500
003 GCL
008 140319s9999 xx 000 0 eng d
040 _aGCL /
_cGCL
082 0 4 _a946.02
_bC A
100 1 _aCOLLINS, ROGER
245 1 0 _aTHE ARAB CONQUEST OF SPAIN 710-797 /
_cCOLLINS, ROGER
260 _a[S.N] :
_bBLACK WELL ،
_c1989
300 _a243 P
650 0 4 _aSPAIN
650 0 4 _aHISTORY
650 0 4 _aARAB
942 _2ddc
_cBK
999 _c24310
_d24310